000 01071nam0a22003011 4500
001 v19\rc\1981872
005 20260406093217.0
035 _a(NLR Aleph) 005064918
090 _a7035055
_c7035055
100 _a20080623d1914 u y0rusy50 ca
101 0 _arus
102 _aRU
105 _ay z |||a|
200 1 _aУ бронзовой двери
_e[Из неизд. романа
_aПохороны
_aСын
_aРоковая могила
_aМатеринская любовь]
_e[Рассказы]
_fЕ. Нагродская
210 _aСанкт-Петербург
_cМ.И. Семенов
_d[1914]
215 _a228, [1] с.
_d23
700 1 _7ca
_8rus
_aНагродская
_bЕ. А.
_f1866-1930
_gЕвдокия Аполлоновна
_3RU\NLR\AUTH\770284781
_92678594
801 0 _aRU
_bNLR
_gpsbo
801 0 _aRU
_bRuMoRGB
_2psbo
801 1 _aRU
_bProSoft-M
_2rusmarc
852 _aNLR
_j37.48.2.55
852 _aNLR
_j51/1014
899 _aRuMoRGB
_jV 42/313
899 _aRuMoRGB
_jМК
899 _aRuMoRGB
_jT 113/138
899 _aБАН
942 _cBOOK
980 _aNB